[Event "2nd Mix Bassano 2021"]
[Site "Bassano del Grappa"]
[Date "2021.03.27"]
[Round "7.9"]
[White "Solomon, Kenny"]
[Black "Pasini, Nicolo"]
[Result "1/2-1/2"]
[WhiteElo "2357"]
[BlackElo "2220"]
[Annotator "ChessBase"]
[PlyCount "124"]
[EventDate "2021.03.24"]
[EventType "swiss"]
[EventCountry "ITA"]
[SourceTitle "playchess.com"]
[Source "ChessBase"]
[SourceQuality "1"]
[TimeControl "5400+30"]

1. d4 {[%emt 0:00:23]} Nf6 {[%emt 0:00:00]} 2. c4 {[%emt 0:00:06]} c5 {[%emt 0:00:00]} 3. d5 {[%emt 0:00:06]} a6 {[%emt 0:00:00]} 4. a4 {[%emt 0:00:07]} d6 {[%emt 0:00:00]} 5. Nc3 {[%emt 0:00:13]} g6 {[%emt 0:00:00]} 6. e4 {[%emt 0:00:19]} Bg7 {[%emt 0:00:01]} 7. Bd3 {[%emt 0:07:44]} e6 {[%emt 0:02:39]} 8. h3 {[%emt 0:00:28]} a5 {[%emt 0:00:05]} 9. Nf3 {[%emt 0:06:14]} e5 {[%emt 0:00:31]} 10. Bg5 {[%emt 0:01:10]} Na6 {[%emt 0:02:31]} 11. Nb5 {[%emt 0:00:24]} h6 {[%emt 0:08:05]} 12. Be3 {[%emt 0:01:22]} Qe7 {[%emt 0:00:08]} 13. g4 {[%emt 0:18:09]} Bd7 {[%emt 0:05:04]} 14. Qb3 {[%emt 0:02:47]} b6 {[%emt 0:06:51]} 15. O-O-O {[%emt 0:00:36]} Kd8 {[%emt 0:22:01]} 16. Nd2 {[%emt 0:01:36]} Nb4 {[%emt 0:01:37]} 17. Be2 {[%emt 0:00:42]} Bxb5 {[%emt 0:02:50]} 18. cxb5 {[%emt 0:00:26]} Nd7 {[%emt 0:04:26]} 19. h4 {[%emt 0:05:34]} Kc7 {[%emt 0:02:20]} 20. Kb1 {[%emt 0:03:18]} Bf6 {[%emt 0:05:51]} 21. Nf3 {[%emt 0:00:10]} Kb7 {[%emt 0:05:29]} 22. Qc4 {[%emt 0:02:37]} Raf8 {[%emt 0:02:24]} 23. Rdg1 {[%emt 0:13:14]} Bg7 {[%emt 0:01:57]} 24. g5 {[%emt 0:00:59]} Rfg8 {[%emt 0:01:49]} 25. Qc1 {[%emt 0:00:46]} hxg5 {[%emt 0:04:36]} 26. hxg5 {[%emt 0:00:05]} Qd8 {[%emt 0:03:40]} 27. Nd2 {[%emt 0:00:57]} Rxh1 {[%emt 0:00:51]} 28. Rxh1 {[%emt 0:00:02]} Rh8 {[%emt 0:00:08]} 29. Nc4 {[%emt 0:01:05]} Kc7 {[%emt 0:00:39]} 30. Qg1 {[%emt 0:08:18]} Qe8 {[%emt 0:06:12]} 31. Rxh8 {[%emt 0:11:16]} Qxh8 {[%emt 0:00:05]} 32. Kc1 {[%emt 0:01:34]} f5 {[%emt 0:05:15]} 33. gxf6 {[%emt 0:00:16]} Bxf6 {[%emt 0:00:06]} 34. Kd2 {[%emt 0:01:35]} g5 {[%emt 0:01:01]} 35. Bg4 {[%emt 0:00:48]} Qg7 {[%emt 0:01:18]} 36. Qh1 {[%emt 0:01:28]} Nf8 {[%emt 0:01:05]} 37. Qh5 {[%emt 0:00:25]} Qg6 {[%emt 0:02:05]} 38. Qh1 {[%emt 0:01:34]} Qg7 {[%emt 0:02:07]} 39. Qf3 {[%emt 0:00:38]} Qg6 {[%emt 0:00:36]} 40. Bf5 {[%emt 0:02:09]} Qh6 {[%emt 0:00:01]} 41. Bh3 {[%emt 0:00:20]} Qg6 {[%emt 0:01:56]} 42. Qg4 {[%emt 0:00:39]} Qe8 {[%emt 0:00:19]} 43. Qf5 {[%emt 0:00:13]} Be7 {[%emt 0:00:14]} 44. Bg4 {[%emt 0:01:40]} Qd8 {[%emt 0:01:07]} 45. Kc3 {[%emt 0:01:40]} Na2+ {[%emt 0:00:33]} 46. Kb3 {[%emt 0:00:06]} Nb4 {[%emt 0:00:05]} 47. Bd2 {[%emt 0:01:01]} Qe8 {[%emt 0:01:08]} 48. Bxg5 {[%emt 0:02:16]} Bxg5 {[%emt 0:00:56]} 49. Qxg5 {[%emt 0:00:02]} Qf7 {[%emt 0:00:25]} 50. Bf5 {[%emt 0:02:24]} Nd3 {[%emt 0:00:40]} 51. f3 {[%emt 0:01:31]} Nf4 {[%emt 0:00:20]} 52. Qh6 {[%emt 0:01:45]} Qe7 {[%emt 0:00:03]} 53. Qh2 {[%emt 0:00:28]} Qf6 {[%emt 0:00:37]} 54. Ne3 {[%emt 0:00:22]} Qg5 {[%emt 0:00:10]} 55. Ka2 {[%emt 0:00:46]} Nh5 {[%emt 0:00:22]} 56. Ng4 {[%emt 0:00:33]} Qc1 {[%emt 0:01:28]} 57. Qxh5 {[%emt 0:00:02]} Qc4+ {[%emt 0:00:06]} 58. Kb1 {[%emt 0:00:01]} Qf1+ {[%emt 0:00:15]} 59. Kc2 {[%emt 0:00:13]} Qe2+ {[%emt 0:00:06]} 60. Kc1 {[%emt 0:00:53]} Qe1+ {[%emt 0:00:04]} 61. Kc2 {[%emt 0:00:01]} Qe2+ {[%emt 0:00:07]} 62. Kc3 {[%emt 0:00:28]} Qe1+ {[%emt 0:00:02]} 1/2-1/2

[Event "2nd Mix Bassano 2021"]
[Site "Bassano del Grappa"]
[Date "2021.03.27"]
[Round "7.10"]
[White "Hapala, Elisabeth"]
[Black "Yu, Jennifer"]
[Result "1/2-1/2"]
[WhiteElo "2116"]
[BlackElo "2275"]
[Annotator "NA"]
[PlyCount "64"]
[EventDate "2021.03.24"]
[EventType "swiss"]
[EventCountry "ITA"]
[SourceTitle "playchess.com"]
[Source "ChessBase"]
[SourceQuality "1"]
[TimeControl "5400+30"]

1. e4 {[%emt 0:00:00]} g6 {[%emt 0:05:31]} 2. d4 {[%emt 0:00:00]} Bg7 {[%emt 0:00:35]} 3. Nc3 {[%emt 0:00:00]} d6 {[%emt 0:00:22]} 4. Be3 {[%emt 0:00:00]} a6 {[%emt 0:00:18]} 5. Qd2 {[%emt 0:00:05]} b5 {[%emt 0:00:18]} 6. h4 {[%emt 0:00:16]} h5 {[%emt 0:00:11]} 7. f3 {[%emt 0:00:16]} Bb7 {[%emt 0:00:16]} 8. Nh3 {[%emt 0:00:19]} Nd7 {[%emt 0:00:46]} 9. Ng5 {[%emt 0:00:45]} Ngf6 {[%emt 0:00:57]} 10. O-O-O {[%emt 0:00:23]} e6 {[%emt 0:00:06]} 11. Bd3 {[%emt 0:07:51]} Qe7 {[%emt 0:01:03]} 12. Kb1 {[%emt 0:03:11]} c5 {[%emt 0:01:18]} 13. dxc5 {[%emt 0:26:21]} dxc5 {[%emt 1:24:49]} 14. e5 {[%emt 0:06:14]} (14. Bf4 $11) 14... Nxe5 {[%emt 0:00:00]} 15. Nce4 {[%emt 0:00:08]} Nxe4 {[%emt 0:00:00]} 16. Nxe4 {[%emt 0:00:18]} Bxe4 {[%emt 0:00:00]} 17. Bxe4 {[%emt 0:02:29] [#]} Nc4 $1 {[%emt 0:00:00]} 18. Bc6+ {[%emt 0:00:56]} Kf8 $17 {[%emt 0:00:00]} 19. Qd7 {[%emt 0:17:22]} Nxe3 {[%emt 0:00:00]} 20. Bxa8 {[%emt 0:00:20]} Nxd1 {[%emt 0:00:00]} 21. Rxd1 {[%emt 0:03:32]} Be5 {[%emt 0:00:00]} 22. Bb7 {[%emt 0:13:46]} a5 {[%emt 0:00:00]} 23. Qxb5 {[%emt 0:10:11]} Kg7 {[%emt 0:00:00]} 24. a4 {[%emt 0:00:23]} Bd4 {[%emt 0:00:00]} 25. c3 {[%emt 0:00:10]} Bf2 {[%emt 0:00:00]} 26. Rd7 {[%emt 0:00:45]} Qxh4 {[%emt 0:00:00]} 27. Qxa5 {[%emt 0:01:34]} Rf8 {[%emt 0:00:00]} 28. Qb6 {[%emt 0:02:51]} Qxa4 {[%emt 0:00:00]} 29. Qxe6 {[%emt 0:00:03]} Kg8 {[%emt 0:03:44]} 30. Qe7 {[%emt 0:02:45]} Bd4 {[%emt 0:01:38]} 31. cxd4 {[%emt 0:01:00]} Qd1+ {[%emt 0:00:06]} 32. Ka2 {[%emt 0:00:00]} Qa4+ {[%emt 0:00:18]} 1/2-1/2

[Event "2nd Mix Bassano 2021"]
[Site "Bassano del Grappa"]
[Date "2021.03.27"]
[Round "8.2"]
[White "Checa, Nicolas"]
[Black "Bernadskiy, Vitaliy"]
[Result "1/2-1/2"]
[WhiteElo "2546"]
[BlackElo "2599"]
[Annotator "ChessBase"]
[PlyCount "26"]
[EventDate "2021.03.24"]
[EventType "swiss"]
[EventCountry "ITA"]
[SourceTitle "playchess.com"]
[Source "ChessBase"]
[SourceQuality "1"]
[TimeControl "5400+30"]

1. c4 {[%emt 0:00:00]} c5 {[%emt 0:00:00]} 2. g3 {[%emt 0:00:00]} Nc6 {[%emt 0:00:00]} 3. Bg2 {[%emt 0:00:06]} g6 {[%emt 0:00:01]} 4. Nf3 {[%emt 0:00:41]} Bg7 {[%emt 0:00:05]} 5. O-O {[%emt 0:00:07]} d6 {[%emt 0:00:07]} 6. Nc3 {[%emt 0:00:09]} Bd7 {[%emt 0:00:21]} 7. d3 {[%emt 0:01:03]} a6 {[%emt 0:00:40]} 8. Bd2 {[%emt 0:01:24]} Rb8 {[%emt 0:00:07]} 9. a4 {[%emt 0:00:25]} Nf6 {[%emt 0:00:07]} 10. Qc1 {[%emt 0:00:07]} O-O {[%emt 0:00:14]} 11. Bh6 {[%emt 0:00:15]} Nd4 {[%emt 0:01:52]} 12. Bxg7 {[%emt 0:01:14]} Nxf3+ {[%emt 0:00:13]} 13. Bxf3 {[%emt 0:00:08]} Kxg7 {[%emt 0:00:07]} 1/2-1/2

[Event "2nd Mix Bassano 2021"]
[Site "Bassano del Grappa"]
[Date "2021.03.27"]
[Round "8.3"]
[White "Bellahcene, Bilel"]
[Black "Peralta, Fernando"]
[Result "0-1"]
[WhiteElo "2517"]
[BlackElo "2561"]
[Annotator "ChessBase"]
[PlyCount "106"]
[EventDate "2021.03.24"]
[EventType "swiss"]
[EventCountry "ITA"]
[SourceTitle "playchess.com"]
[Source "ChessBase"]
[SourceQuality "1"]
[TimeControl "5400+30"]

1. e4 {[%emt 0:02:18]} c6 {[%emt 0:00:17]} 2. d4 {[%emt 0:00:06]} d5 {[%emt 0:00:05]} 3. e5 {[%emt 0:00:05]} Bf5 {[%emt 0:00:21]} 4. h4 {[%emt 0:00:04]} h5 {[%emt 0:00:16]} 5. c4 {[%emt 0:00:04]} e6 {[%emt 0:00:18]} 6. Nc3 {[%emt 0:00:05]} Ne7 {[%emt 0:00:42]} 7. Nge2 {[%emt 0:00:48]} Nd7 {[%emt 0:00:15]} 8. Ng3 {[%emt 0:00:06]} Bg6 {[%emt 0:00:06]} 9. Bg5 {[%emt 0:00:33]} Qb6 {[%emt 0:01:36]} 10. Rc1 {[%emt 0:02:19]} Qxb2 {[%emt 0:00:26]} 11. Bd3 {[%emt 0:00:11]} dxc4 {[%emt 0:00:24]} 12. Bxc4 {[%emt 0:01:31]} Rd8 {[%emt 0:01:00]} 13. Qf3 {[%emt 1:10:22]} Nb6 {[%emt 0:23:06]} 14. Nce4 {[%emt 0:00:03]} Qxd4 {[%emt 0:26:33]} 15. Bb3 {[%emt 0:02:07]} Ned5 {[%emt 0:02:51]} 16. O-O {[%emt 0:01:40]} Qxe5 {[%emt 0:09:22]} 17. Rfe1 {[%emt 0:03:07]} Qc7 {[%emt 0:02:23]} 18. Bxd8 {[%emt 0:02:04]} Qxd8 {[%emt 0:00:57]} 19. Ng5 {[%emt 0:02:30]} Qf6 {[%emt 0:10:42]} 20. Qe2 {[%emt 0:01:10]} Bb4 {[%emt 0:01:39]} 21. Rf1 {[%emt 0:00:01]} Nf4 {[%emt 0:01:42]} 22. Qe3 {[%emt 0:00:21]} O-O {[%emt 0:00:51]} 23. Bc2 {[%emt 0:01:23]} Bxc2 {[%emt 0:07:28]} 24. Rxc2 {[%emt 0:00:04]} g6 {[%emt 0:04:18]} 25. Qb3 {[%emt 0:00:01]} Be7 {[%emt 0:01:00]} 26. Re1 {[%emt 0:02:14]} Rd8 {[%emt 0:00:59]} 27. a4 {[%emt 0:00:21]} Rd3 {[%emt 0:01:13]} 28. Qb1 {[%emt 0:00:23]} Qd4 {[%emt 0:00:58]} 29. Nf3 {[%emt 0:04:28]} Rxf3 {[%emt 0:00:26]} 30. gxf3 {[%emt 0:00:06]} Nh3+ {[%emt 0:00:09]} 31. Kg2 {[%emt 0:00:55]} Qxh4 {[%emt 0:00:30]} 32. Rh1 {[%emt 0:00:10]} Nf4+ {[%emt 0:00:41]} 33. Kf1 {[%emt 0:00:01]} Qg5 {[%emt 0:00:05]} 34. Rg1 {[%emt 0:00:02]} Nh3 {[%emt 0:00:41]} 35. Rh1 {[%emt 0:00:06]} Nf4 {[%emt 0:00:03]} 36. Rg1 {[%emt 0:00:01]} Qd5 {[%emt 0:01:16]} 37. Ne2 {[%emt 0:01:33]} Qxf3 {[%emt 0:01:26]} 38. Nxf4 {[%emt 0:00:02]} Qxf4 {[%emt 0:00:04]} 39. Re2 {[%emt 0:00:01]} Bc5 {[%emt 0:01:16]} 40. Qc2 {[%emt 0:03:03]} Bd4 {[%emt 0:00:45]} 41. Rg3 {[%emt 0:03:13]} Nd5 {[%emt 0:00:29]} 42. Kg2 {[%emt 0:00:28]} Qf6 {[%emt 0:00:22]} 43. Re4 {[%emt 0:00:13]} Nf4+ {[%emt 0:00:33]} 44. Kf1 {[%emt 0:00:01]} e5 {[%emt 0:00:22]} 45. Rf3 {[%emt 0:00:06]} c5 {[%emt 0:00:48]} 46. Rexf4 {[%emt 0:00:47]} exf4 {[%emt 0:00:06]} 47. Qe4 {[%emt 0:00:02]} g5 {[%emt 0:01:07]} 48. Qxb7 {[%emt 0:00:05]} Kg7 {[%emt 0:00:07]} 49. Qd5 {[%emt 0:00:28]} a5 {[%emt 0:00:43]} 50. Rb3 {[%emt 0:00:09]} Qg6 {[%emt 0:00:32]} 51. Qd8 {[%emt 0:02:58]} g4 {[%emt 0:00:20]} 52. Qd5 {[%emt 0:00:25]} f3 {[%emt 0:00:43]} 53. Rb7 {[%emt 0:00:15]} Qd3+ {[%emt 0:00:18]} 0-1

[Event "2nd Mix Bassano 2021"]
[Site "Bassano del Grappa"]
[Date "2021.03.27"]
[Round "8.4"]
[White "Moroni, Luca Jr"]
[Black "Niemann, Hans Moke"]
[Result "1-0"]
[WhiteElo "2552"]
[BlackElo "2526"]
[Annotator "ChessBase"]
[PlyCount "73"]
[EventDate "2021.03.24"]
[EventType "swiss"]
[EventCountry "ITA"]
[SourceTitle "playchess.com"]
[Source "ChessBase"]
[SourceQuality "1"]
[TimeControl "5400+30"]

1. d4 {[%emt 0:00:10]} d5 {[%emt 0:00:00]} 2. c4 {[%emt 0:01:11]} c6 {[%emt 0:00:12]} 3. Nc3 {[%emt 0:01:16]} Nf6 {[%emt 0:00:12]} 4. Nf3 {[%emt 0:00:03]} e6 {[%emt 0:00:05]} 5. Bg5 {[%emt 0:00:08]} h6 {[%emt 0:00:27]} 6. Bh4 {[%emt 0:01:11]} dxc4 {[%emt 0:00:07]} 7. e4 {[%emt 0:00:11]} g5 {[%emt 0:00:06]} 8. Bg3 {[%emt 0:00:03]} b5 {[%emt 0:00:05]} 9. Qc2 {[%emt 0:00:40]} Bb7 {[%emt 0:00:45]} 10. Be2 {[%emt 0:00:47]} Nh5 {[%emt 0:02:04]} 11. Be5 {[%emt 0:03:27]} f6 {[%emt 0:00:20]} 12. Nh4 {[%emt 0:07:00]} Ng7 {[%emt 0:01:56]} 13. Bxb8 {[%emt 0:01:46]} gxh4 {[%emt 0:04:54]} 14. Bf4 {[%emt 0:00:38]} Qxd4 {[%emt 0:00:05]} 15. Rd1 {[%emt 0:02:58]} Qb6 {[%emt 0:00:54]} 16. e5 {[%emt 0:06:54]} f5 {[%emt 0:00:31]} 17. Bxh6 {[%emt 0:07:58]} Rd8 {[%emt 0:07:18]} 18. Bg5 {[%emt 0:05:10]} Rxd1+ {[%emt 0:01:14]} 19. Qxd1 {[%emt 0:00:23]} h3 {[%emt 0:11:18]} 20. Bf3 {[%emt 0:08:16]} hxg2 {[%emt 0:31:02]} 21. Bxg2 {[%emt 0:00:16]} Bc5 {[%emt 0:00:06]} 22. Qd2 {[%emt 0:09:19]} Bd4 {[%emt 0:03:01]} 23. Bf6 {[%emt 0:02:43]} Rh7 {[%emt 0:00:38]} 24. Qg5 {[%emt 0:06:27]} Kf7 {[%emt 0:00:08]} 25. O-O {[%emt 0:02:05]} c5 {[%emt 0:06:50]} 26. Bd8 {[%emt 0:05:10]} Bxe5 {[%emt 0:00:05]} 27. Qe7+ {[%emt 0:02:06]} Kg8 {[%emt 0:01:49]} 28. Bxb7 {[%emt 0:01:09]} Bxh2+ {[%emt 0:02:22]} 29. Kg2 {[%emt 0:00:02]} Qd6 {[%emt 0:00:09]} 30. Rd1 {[%emt 0:04:38]} Qf4 {[%emt 0:03:23]} 31. Rd7 {[%emt 0:02:55]} Qg4+ {[%emt 0:00:50]} 32. Kf1 {[%emt 0:00:04]} Qg1+ {[%emt 0:01:23]} 33. Ke2 {[%emt 0:00:02]} Rh3 {[%emt 0:00:11]} 34. Qf7+ {[%emt 0:03:20]} Kh8 {[%emt 0:00:27]} 35. Bf6 {[%emt 0:01:22]} Qg4+ {[%emt 0:00:07]} 36. f3 {[%emt 0:00:23]} Qg2+ {[%emt 0:00:13]} 37. Kd1 {[%emt 0:00:25]} 1-0

[Event "2nd Mix Bassano 2021"]
[Site "Bassano del Grappa"]
[Date "2021.03.27"]
[Round "8.5"]
[White "Formento, Paolo"]
[Black "Bjerre, Jonas Buhl"]
[Result "1/2-1/2"]
[WhiteElo "2329"]
[BlackElo "2549"]
[Annotator "ChessBase"]
[PlyCount "88"]
[EventDate "2021.03.24"]
[EventType "swiss"]
[EventCountry "ITA"]
[SourceTitle "playchess.com"]
[Source "ChessBase"]
[SourceQuality "1"]
[TimeControl "5400+30"]

1. c4 {[%emt 0:00:00]} e5 {[%emt 0:00:03]} 2. Nc3 {[%emt 0:00:00]} Bb4 {[%emt 0:00:08]} 3. e4 {[%emt 0:00:00]} Nc6 {[%emt 0:01:43]} 4. Nge2 {[%emt 0:00:35]} d6 {[%emt 0:01:22]} 5. a3 {[%emt 0:02:22]} Bc5 {[%emt 0:02:19]} 6. b4 {[%emt 0:02:10]} Bb6 {[%emt 0:03:25]} 7. d3 {[%emt 0:11:03]} f5 {[%emt 0:07:36]} 8. exf5 {[%emt 0:08:56]} Bxf5 {[%emt 0:01:51]} 9. Be3 {[%emt 0:07:05]} Nf6 {[%emt 0:06:07]} 10. Ng3 {[%emt 0:03:38]} Be6 {[%emt 0:05:57]} 11. Be2 {[%emt 0:01:25]} O-O {[%emt 0:01:06]} 12. O-O {[%emt 0:00:11]} Qd7 {[%emt 0:04:35]} 13. Na4 {[%emt 0:04:40]} Bd4 {[%emt 0:04:39]} 14. Rb1 {[%emt 0:03:14]} a6 {[%emt 0:02:54]} 15. Bf3 {[%emt 0:01:59]} Bg4 {[%emt 0:07:17]} 16. Bxc6 {[%emt 0:09:50]} Qxc6 {[%emt 0:03:21]} 17. Qb3 {[%emt 0:00:16]} Be6 {[%emt 0:02:32]} 18. Bxd4 {[%emt 0:06:40]} exd4 {[%emt 0:00:04]} 19. Ne2 {[%emt 0:00:26]} b5 {[%emt 0:02:01]} 20. Nb2 {[%emt 0:04:08]} Qb6 {[%emt 0:02:37]} 21. Qc2 {[%emt 0:08:31]} Nd7 {[%emt 0:01:56]} 22. a4 {[%emt 0:05:59]} c5 {[%emt 0:02:50]} 23. cxb5 {[%emt 0:03:29]} axb5 {[%emt 0:03:30]} 24. bxc5 {[%emt 0:04:48]} dxc5 {[%emt 0:00:55]} 25. axb5 {[%emt 0:00:06]} Qxb5 {[%emt 0:01:42]} 26. Nc4 {[%emt 0:00:31]} Qc6 {[%emt 0:03:45]} 27. Ra1 {[%emt 0:03:21]} Bd5 {[%emt 0:03:12]} 28. f3 {[%emt 0:00:47]} Ra6 {[%emt 0:03:16]} 29. Ng3 {[%emt 0:00:58]} Rfa8 {[%emt 0:01:06]} 30. Rxa6 {[%emt 0:00:22]} Qxa6 {[%emt 0:01:15]} 31. Ne4 {[%emt 0:00:43]} Bxc4 {[%emt 0:02:39]} 32. Qxc4+ {[%emt 0:00:23]} Qxc4 {[%emt 0:00:16]} 33. dxc4 {[%emt 0:00:01]} Ra4 {[%emt 0:01:30]} 34. Rc1 {[%emt 0:00:50]} Kf7 {[%emt 0:00:52]} 35. Rc2 {[%emt 0:01:02]} Ke6 {[%emt 0:02:15]} 36. Re2 {[%emt 0:01:38]} Kf5 {[%emt 0:01:45]} 37. Kf2 {[%emt 0:01:28]} Ra1 {[%emt 0:01:25]} 38. Nd6+ {[%emt 0:03:18]} Kf6 {[%emt 0:00:57]} 39. h4 {[%emt 0:01:31]} Ra6 {[%emt 0:01:51]} 40. Ne4+ {[%emt 0:00:21]} Kg6 {[%emt 0:00:10]} 41. g4 {[%emt 0:00:34]} h6 {[%emt 0:00:42]} 42. h5+ {[%emt 0:00:06]} Kf7 {[%emt 0:00:07]} 43. Kg3 {[%emt 0:01:13]} Rc6 {[%emt 0:00:42]} 44. Kf4 {[%emt 0:00:17]} Nb6 {[%emt 0:05:31]} 1/2-1/2

[Event "2nd Mix Bassano 2021"]
[Site "Bassano del Grappa"]
[Date "2021.03.27"]
[Round "8.7"]
[White "Martin Duque, Jesus"]
[Black "Janzelj, Tim"]
[Result "1/2-1/2"]
[WhiteElo "2454"]
[BlackElo "2468"]
[Annotator "ChessBase"]
[PlyCount "174"]
[EventDate "2021.03.24"]
[EventType "swiss"]
[EventCountry "ITA"]
[SourceTitle "playchess.com"]
[Source "ChessBase"]
[SourceQuality "1"]
[TimeControl "5400+30"]

1. e4 {[%emt 0:00:03]} c6 {[%emt 0:00:00]} 2. Nf3 {[%emt 0:00:03]} d5 {[%emt 0:00:00]} 3. Nc3 {[%emt 0:00:05]} dxe4 {[%emt 0:00:00]} 4. Nxe4 {[%emt 0:00:05]} Nf6 {[%emt 0:00:01]} 5. Qe2 {[%emt 0:00:48]} Nxe4 {[%emt 0:00:08]} 6. Qxe4 {[%emt 0:00:03]} Be6 {[%emt 0:00:13]} 7. b3 {[%emt 0:05:19]} Nd7 {[%emt 0:00:36]} 8. Bb2 {[%emt 0:01:36]} Nf6 {[%emt 0:00:16]} 9. Qe2 {[%emt 0:02:23]} Bf5 {[%emt 0:01:10]} 10. Nd4 {[%emt 0:08:44]} Bg6 {[%emt 0:01:19]} 11. h4 {[%emt 0:01:33]} Qa5 {[%emt 0:01:53]} 12. g4 {[%emt 0:05:50]} h5 {[%emt 0:02:48]} 13. g5 {[%emt 0:05:11]} Nd5 {[%emt 0:00:21]} 14. a3 {[%emt 0:03:42]} e6 {[%emt 0:02:37]} 15. c4 {[%emt 0:07:02]} Nf4 {[%emt 0:03:14]} 16. Qe3 {[%emt 0:00:48]} Bd6 {[%emt 0:04:28]} 17. Nf3 {[%emt 0:03:41]} O-O-O {[%emt 0:08:55]} 18. b4 {[%emt 0:22:03]} Qf5 {[%emt 0:02:48]} 19. Bxg7 {[%emt 0:01:13]} Rhe8 {[%emt 0:13:06]} 20. Be5 {[%emt 0:03:52]} Bxe5 {[%emt 0:25:06]} 21. Nxe5 {[%emt 0:00:10]} Bh7 {[%emt 0:11:25]} 22. d3 {[%emt 0:06:43]} f6 {[%emt 0:03:51]} 23. gxf6 {[%emt 0:00:59]} Qxf6 {[%emt 0:00:02]} 24. O-O-O {[%emt 0:03:21]} Ng6 {[%emt 0:01:11]} 25. Nxg6 {[%emt 0:01:24]} Qa1+ {[%emt 0:00:07]} 26. Kd2 {[%emt 0:00:07]} Qb2+ {[%emt 0:00:19]} 27. Ke1 {[%emt 0:00:04]} Bxg6 {[%emt 0:00:07]} 28. Rg1 {[%emt 0:01:00]} Bf5 {[%emt 0:00:27]} 29. Be2 {[%emt 0:03:12]} Qxa3 {[%emt 0:00:37]} 30. b5 {[%emt 0:01:09]} Rg8 {[%emt 0:06:23]} 31. Rg5 {[%emt 0:01:15]} cxb5 {[%emt 0:00:33]} 32. Rc1 {[%emt 0:01:49]} b4 {[%emt 0:02:38]} 33. c5 {[%emt 0:00:32]} Rxg5 {[%emt 0:02:17]} 34. hxg5 {[%emt 0:00:20]} b3 {[%emt 0:04:34]} 35. c6 {[%emt 0:00:06]} Qa5+ {[%emt 0:00:04]} 36. Kf1 {[%emt 0:00:46]} b2 {[%emt 0:00:15]} 37. cxb7+ {[%emt 0:02:32]} Kb8 {[%emt 0:00:14]} 38. Rb1 {[%emt 0:01:06]} e5 {[%emt 0:01:16]} 39. f4 {[%emt 0:02:14]} e4 {[%emt 0:02:55]} 40. dxe4 {[%emt 0:00:51]} Qa2 {[%emt 0:00:55]} 41. Bd3 {[%emt 0:01:36]} Be6 {[%emt 0:00:01]} 42. Kf2 {[%emt 0:01:03]} Qb3 {[%emt 0:01:05]} 43. Qc5 {[%emt 0:01:43]} Qxd3 {[%emt 0:00:41]} 44. Qe5+ {[%emt 0:00:23]} Qd6 {[%emt 0:00:26]} 45. Qxd6+ {[%emt 0:00:12]} Rxd6 {[%emt 0:00:01]} 46. Rxb2 {[%emt 0:00:05]} a5 {[%emt 0:00:52]} 47. f5 {[%emt 0:00:29]} Bc4 {[%emt 0:00:22]} 48. Ke3 {[%emt 0:00:50]} h4 {[%emt 0:00:23]} 49. e5 {[%emt 0:00:37]} Rd1 {[%emt 0:00:15]} 50. Rh2 {[%emt 0:01:51]} h3 {[%emt 0:00:27]} 51. g6 {[%emt 0:00:39]} a4 {[%emt 0:00:50]} 52. f6 {[%emt 0:00:05]} Rf1 {[%emt 0:00:51]} 53. Rf2 {[%emt 0:00:16]} h2 {[%emt 0:00:31]} 54. Rxh2 {[%emt 0:01:00]} a3 {[%emt 0:00:08]} 55. Rf2 {[%emt 0:02:13]} Re1+ {[%emt 0:00:35]} 56. Kf4 {[%emt 0:00:29]} a2 {[%emt 0:00:38]} 57. f7 {[%emt 0:00:29]} a1=Q {[%emt 0:00:20]} 58. f8=Q+ {[%emt 0:00:04]} Kxb7 {[%emt 0:00:10]} 59. Qb4+ {[%emt 0:01:02]} Ka8 {[%emt 0:01:05]} 60. Qf8+ {[%emt 0:00:31]} Kb7 {[%emt 0:00:07]} 61. Qe7+ {[%emt 0:00:27]} Kc6 {[%emt 0:00:55]} 62. Qd6+ {[%emt 0:00:21]} Kb7 {[%emt 0:00:14]} 63. Qb4+ {[%emt 0:00:38]} Ka8 {[%emt 0:00:07]} 64. Qf8+ {[%emt 0:00:34]} Kb7 {[%emt 0:00:04]} 65. Qe7+ {[%emt 0:00:07]} Kc6 {[%emt 0:00:06]} 66. Rd2 {[%emt 0:00:49]} Rf1+ {[%emt 0:01:21]} 67. Kg5 {[%emt 0:00:01]} Qc1 {[%emt 0:01:03]} 68. Qd7+ {[%emt 0:00:11]} Kc5 {[%emt 0:00:30]} 69. Qd4+ {[%emt 0:01:01]} Kb5 {[%emt 0:00:17]} 70. Qd7+ {[%emt 0:00:46]} Kb4 {[%emt 0:00:23]} 71. Qd4 {[%emt 0:00:37]} Rd1 {[%emt 0:00:54]} 72. Qb2+ {[%emt 0:00:06]} Qxb2 {[%emt 0:00:08]} 73. Rxb2+ {[%emt 0:00:01]} Kc3 {[%emt 0:00:39]} 74. Rf2 {[%emt 0:00:28]} Re1 {[%emt 0:00:44]} 75. Kf6 {[%emt 0:00:16]} Kd4 {[%emt 0:00:17]} 76. Rf5 {[%emt 0:00:24]} Kd5 {[%emt 0:00:37]} 77. g7 {[%emt 0:00:34]} Kc6 {[%emt 0:01:14]} 78. Ke7 {[%emt 0:00:16]} Rg1 {[%emt 0:00:00]} 79. Kf8 {[%emt 0:00:26]} Kd7 {[%emt 0:00:14]} 80. Rf6 {[%emt 0:00:11]} Be6 {[%emt 0:00:20]} 81. Rf2 {[%emt 0:00:29]} Bb3 {[%emt 0:00:12]} 82. Rf6 {[%emt 0:01:56]} Be6 {[%emt 0:00:08]} 83. Rf2 {[%emt 0:00:46]} Bd5 {[%emt 0:00:08]} 84. Rf6 {[%emt 0:00:20]} Be6 {[%emt 0:00:03]} 85. Rxe6 {[%emt 0:00:34]} Kxe6 {[%emt 0:00:05]} 86. g8=Q+ {[%emt 0:00:01]} Rxg8+ {[%emt 0:00:06]} 87. Kxg8 {[%emt 0:01:49]} Kxe5 {[%emt 0:00:03]} 1/2-1/2